LEADER 01219nam a2200289 i 4500 001 991000921949707536 005 20020507175917.0 008 970327s1991 ||| ||| | ita 035 $ab10776205-39ule_inst 035 $aLE01304362$9ExL 040 $aDip.to Matematica$beng 084 $aAMS 49-XX 084 $aAMS 49J45 100 1 $aScipi, Patrizia$0535465 245 10$aFunzioni a variazione limitata speciale e problemi variazionali con discontinuitą libere. Tesi di laurea /$claureanda Patrizia Scipi ; relat. M. Carriero 260 $aLecce :$bUniversitą degli studi. Facoltą di Scienze. Corso di laurea in Matematica,$ca.a. 1991-92 650 4$aConvergence 650 4$aOptimal control 650 4$aOptimization 650 4$aProblems involving semicontinuity 700 1 $aCarriero, Michele 907 $a.b10776205$b02-04-14$c28-06-02 912 $a991000921949707536 945 $aLE013 TES 1991/92 SCI1$g1$i2013000229096$lle013$o-$pE0.00$q-$rl$s- $t0$u0$v0$w0$x0$y.i10875104$z28-06-02 996 $aFunzioni a variazione limitata speciale e problemi variazionali con discontinuitą libere. Tesi di laurea$9922824 997 $aUNISALENTO 998 $ale013$b01-01-97$cm$da $e-$feng$gxx $h0$i1 LEADER 02383nam 2200553z- 450 001 9910557788503321 005 20211118 035 $a(CKB)5400000000045503 035 $a(oapen)https://directory.doabooks.org/handle/20.500.12854/74041 035 $a(oapen)doab74041 035 $a(EXLCZ)995400000000045503 100 $a20202111d2020 |y 0 101 0 $aeng 135 $aurmn|---annan 181 $ctxt$2rdacontent 182 $cc$2rdamedia 183 $acr$2rdacarrier 200 00$aIndividualized Assessment of Brain Aging across the Lifespan: Applications in Health and Disease 210 $cFrontiers Media SA$d2020 215 $a1 online resource (177 p.) 311 08$a2-88963-902-9 330 $aThis eBook is a collection of articles from a Frontiers Research Topic. Frontiers Research Topics are very popular trademarks of the Frontiers Journals Series: they are collections of at least ten articles, all centered on a particular subject. With their unique mix of varied contributions from Original Research to Review Articles, Frontiers Research Topics unify the most influential researchers, the latest key findings and historical advances in a hot research area! Find out more on how to host your own Frontiers Research Topic or contribute to one as an author by contacting the Frontiers Editorial Office: frontiersin.org/about/contact 517 $aIndividualized Assessment of Brain Aging across the Lifespan 606 $aNeurosciences$2bicssc 606 $aScience: general issues$2bicssc 610 $aAging 610 $aAlzheimer's dementia 610 $abrain 610 $adevelopmental programming 610 $alifespan 610 $amaturation 610 $aMRI 610 $aneurodegeneration 610 $aneuroimaging 610 $apattern recognition 615 7$aNeurosciences 615 7$aScience: general issues 700 $aFranke$b Katja$4edt$01291901 702 $aGaser$b Christian$4edt 702 $aCherbuin$b Nicolas$4edt 702 $aCole$b James H$4edt 702 $aFranke$b Katja$4oth 702 $aGaser$b Christian$4oth 702 $aCherbuin$b Nicolas$4oth 702 $aCole$b James H$4oth 906 $aBOOK 912 $a9910557788503321 996 $aIndividualized Assessment of Brain Aging across the Lifespan: Applications in Health and Disease$93022057 997 $aUNINA